Ekonomika v pralese
Produktívne technológie a deľba práce ako zdroj bohatstva považovaná ekonómami. Meranie bohatstva. Schopnosť odloženia svojej spotreby. Vykonanie jednoduchého behaviorálneho testu na vzorke 151 Cicmanov. Vzdelanie a znalosť jazykov. Príjmové nerovnosti.
Na minha lista:
| Autor principal: | |
|---|---|
| Formato: | Capítulo de Livro |
| Idioma: | eslovaco |
| Assuntos: | |
| Tags: |
Sem tags, seja o primeiro a adicionar uma tag!
|
MARC
| LEADER | 00000naa$a2200000$$$4500 | ||
|---|---|---|---|
| 001 | 0059941 | ||
| 005 | 20231019084823.6 | ||
| 041 | 0 | |a slo | |
| 044 | |a SK | ||
| 245 | 1 | 0 | |a Ekonomika v pralese |c Vladimír Baláž |
| 520 | |a Produktívne technológie a deľba práce ako zdroj bohatstva považovaná ekonómami. Meranie bohatstva. Schopnosť odloženia svojej spotreby. Vykonanie jednoduchého behaviorálneho testu na vzorke 151 Cicmanov. Vzdelanie a znalosť jazykov. Príjmové nerovnosti. | ||
| 610 | 2 | 0 | |a ekonómovia |
| 610 | 2 | 0 | |a deľba práce |
| 610 | 2 | 0 | |a technológia |
| 610 | 2 | 0 | |a bohatstvo |
| 610 | 2 | 0 | |a spotreba |
| 610 | 2 | 0 | |a testy |
| 610 | 2 | 0 | |a vzdelanie |
| 610 | 2 | 0 | |a kapitál ľudský |
| 610 | 2 | 0 | |a príjmy |
| 100 | 1 | |a Baláž, Vladimír | |